UM Logo

Development of intelligent controlled microgrid for power sharing and load shedding / (Record no. 19558)

MARC details
000 -LEADER
fixed length control field 00992nam a22002297a 4500
003 - CONTROL NUMBER IDENTIFIER
control field OSt
005 - DATE AND TIME OF LATEST TRANSACTION
control field 20250827105745.0
008 - FIXED-LENGTH DATA ELEMENTS--GENERAL INFORMATION
fixed length control field 240308b ||||| |||| 00| 0 eng d
040 ## - CATALOGING SOURCE
Transcribing agency 0
082 ## - DEWEY DECIMAL CLASSIFICATION NUMBER
Classification number DPer 621.317 Ie21 July 2022 v. 37 n. 7
100 ## - MAIN ENTRY--PERSONAL NAME
Personal name Lin, Faa-Jeng.
Relator term author.
9 (RLIN) 54153
245 ## - TITLE STATEMENT
Title Development of intelligent controlled microgrid for power sharing and load shedding /
Statement of responsibility, etc. Faa-Jeng Lin, Kuang-Hsiung Tan, Chao-Fu Chang, Meng-Yang Li, and Tzu-Yu Tseng.
260 ## - PUBLICATION, DISTRIBUTION, ETC. (IMPRINT)
Place of publication, distribution, etc. New York ;
Name of publisher, distributor, etc. The Institute of Electrical and Electronics Engineers, Inc. ,
Date of publication, distribution, etc. July 2022.
300 ## - PHYSICAL DESCRIPTION
Extent volume 37, pages 7928-7940 :
Other physical details illustration ;
Dimensions 28 cm.
500 ## - GENERAL NOTE
General note IEEE Transactions on Power Electronics, vol. 37, no. 7, pages 7928-7940, July 2022.
700 ## - ADDED ENTRY--PERSONAL NAME
Personal name Lin, Faa-Jeng.
Relator term author.
9 (RLIN) 54153
700 ## - ADDED ENTRY--PERSONAL NAME
Personal name Tan, Kuang-Hsiung.
Relator term author.
9 (RLIN) 54154
700 ## - ADDED ENTRY--PERSONAL NAME
Personal name Chang, Chao-Fu.
Relator term author.
9 (RLIN) 54155
700 ## - ADDED ENTRY--PERSONAL NAME
Personal name Li, Meng-Yang.
Relator term author.
9 (RLIN) 54156
700 ## - ADDED ENTRY--PERSONAL NAME
Personal name Tseng, Tzu-Yu.
Relator term author.
9 (RLIN) 54157
942 ## - ADDED ENTRY ELEMENTS (KOHA)
Source of classification or shelving scheme Dewey Decimal Classification
Koha item type Periodicals
Holdings
Withdrawn status Lost status Source of classification or shelving scheme Damaged status Not for loan Collection code Home library Current library Date acquired Total Checkouts Full call number Date last seen Price effective from Koha item type Public note
    Dewey Decimal Classification     Periodicals UM Digos College - LIC UM Digos College - LIC 03/08/2024   DPer 621.317 Ie21 July 2022 v. 37 n. 7 03/08/2024 03/08/2024 Periodicals Periodical Article